[Event "La Pobla de Lillet op 22nd"]
[Site "La Pobla de Lillet"]
[Date "2012.08.01"]
[Round "1"]
[White "Ramiro Ovejero, Juan Luis"]
[Black "Padilla Ruiz, Joan Josep"]
[Result "1-0"]
[WhiteElo "2349"]
[BlackElo "1664"]
[PlyCount "57"]
[EventDate "2012.08.01"]
[EventType "swiss"]
[EventRounds "9"]
[EventCountry "ESP"]
[SourceTitle "CBM 149 Extra"]
[Source "ChessBase"]
[SourceDate "2012.08.24"]
[SourceVersion "1"]
[SourceVersionDate "2012.08.24"]
[SourceQuality "1"]

1. e4 e5 2. Nf3 Nf6 3. Nc3 Bb4 4. Nxe5 0-0 5. Be2 Re8 6. Nd3 Bxc3 7. dxc3 Nxe4 8. 0-0 d5 9. Nf4 c6 10. Be3 Nd7 11. c4 Ndf6 12. cxd5 Nxd5 13. Nxd5 cxd5 14. Qd4 Qf6 15. Rfd1 Qxd4 16. Rxd4 Be6 17. Rad1 Rac8 18. c4 Nf6 19. cxd5 Bxd5 20. Rxd5 Nxd5 21. Rxd5 Rc2 22. Bb5 Rxb2 23. g3 Rc8 24. Bc4 b6 25. Rd7 Rf8 26. Rxa7 Rc2 27. Bb3 Rc6 28. Rb7 g6 29. Bh6 1-0